ბათუმის შოთა რუსთაველის სახელმწიფო უნივერსიტეტის ბიბლიოთეკა

Partial differential equations : (ბიბ.ჩანაწერი № 50437)

000 -LEADER
fixed length control field 01322cam a2200301 a 4500
001 - CONTROL NUMBER
control field 13682855
005 - DATE AND TIME OF LATEST TRANSACTION
control field 20200207143110.0
008 - FIXED-LENGTH DATA ELEMENTS--GENERAL INFORMATION
fixed length control field 040810r20041988nyua b 001 0 eng
010 ## - LIBRARY OF CONGRESS CONTROL NUMBER
LC control number 2004056229
020 ## - INTERNATIONAL STANDARD BOOK NUMBER
International Standard Book Number 0486438341 (pbk.)
040 ## - CATALOGING SOURCE
Original cataloging agency DLC
Transcribing agency DLC
Modifying agency DLC
041 ## - LANGUAGE CODE
Language code of text/sound track or separate title eng
050 00 - LIBRARY OF CONGRESS CALL NUMBER
Classification number QA374
Item number .C649 2004
080 ## - UNIVERSAL DECIMAL CLASSIFICATION NUMBER
Universal Decimal Classification number 517.1 C-71
082 00 - DEWEY DECIMAL CLASSIFICATION NUMBER
Classification number 515/.353
Edition number 22
100 1# - MAIN ENTRY--PERSONAL NAME
Personal name Colton, David L.,
Dates associated with a name 1943-
9 (RLIN) 6890
245 10 - TITLE STATEMENT
Title Partial differential equations :
Remainder of title an introduction /
Statement of responsibility, etc. David Colton.
260 ## - PUBLICATION, DISTRIBUTION, ETC.
Place of publication, distribution, etc. Mineola, N.Y. :
Name of publisher, distributor, etc. Dover Publications,
Date of publication, distribution, etc. 2004.
300 ## - PHYSICAL DESCRIPTION
Extent ix, 308 p. :
Other physical details ill. ;
Dimensions 23 cm.
500 ## - GENERAL NOTE
General note Originally published: New York : Random House, c1988, in series: Random House/Birkhäuser mathematics series.
504 ## - BIBLIOGRAPHY, ETC. NOTE
Bibliography, etc. note Includes bibliographical references (p. 300-303) and index.
650 #0 - SUBJECT ADDED ENTRY--TOPICAL TERM
Topical term or geographic name entry element Differential equations, Partial.
9 (RLIN) 6891
653 ## - INDEX TERM--UNCONTROLLED
keyword ნაწილობრივი დიფერენციალური განტოლებები
856 42 - ELECTRONIC LOCATION AND ACCESS
Materials specified Publisher description
Uniform Resource Identifier http://www.loc.gov/catdir/enhancements/fy0707/2004056229-d.html
906 ## - LOCAL DATA ELEMENT F, LDF (RLIN)
a 7
b cbc
c orignew
d 1
e ocip
f 20
g y-gencatlg
942 ## - ADDED ENTRY ELEMENTS (KOHA)
Source of classification or shelving scheme
Koha item type წიგნი
ეგზემპლარები
Withdrawn status Lost status Source of classification or shelving scheme Damaged status Not for loan Permanent Location Current Location Shelving location Date acquired Cost, normal purchase price Full call number Barcode Date last seen Copy number Price effective from Koha item type Public note
          ბათუმის შოთა რუსთაველის სახელმწიფო უნივერსიტეტის მთავარი ბიბლიოთეკა ბათუმის შოთა რუსთაველის სახელმწიფო უნივერსიტეტის მთავარი ბიბლიოთეკა წიგნსაცავი 2018-12-17 80.00 517.1 C-71 635 2018-12-17 635 2018-12-17 წიგნი 80 ლ.
          ბათუმის შოთა რუსთაველის სახელმწიფო უნივერსიტეტის მთავარი ბიბლიოთეკა ბათუმის შოთა რუსთაველის სახელმწიფო უნივერსიტეტის მთავარი ბიბლიოთეკა წიგნსაცავი 2018-12-17 80.00 517.1 C-71 636 2018-12-17 636 2018-12-17 წიგნი 80 ლ.